[Event "Gosa it"]
[Site "Smederevska Palanka YUG"]
[Date "1979.06.02"]
[Round "1"]
[White "Ljubisavljevic, Zivojin"]
[Black "Radulov, Ivan"]
[Result "1-0"]
[WhiteElo "2415"]
[BlackElo "2485"]
[EventDate "1979.06.02"]
[PlyCount "101"]
[Source "Perpetual Check"]

1.e4 c5 2.Nf3 Nc6 3.d4 cxd4 4.Nxd4 Nf6 5.Nc3 d6 6.Bc4 Qb6 7.Nde2 e6 8.O-O 
a6 9.Kh1 Be7 10.f4 O-O 11.Qe1 Qc7 12.a4 d5 13.exd5 Nb4 14.Bb3 Nbxd5 15.
Nxd5 exd5 16.Be3 Re8 17.Bd4 Bg4 18.Nc3 Bc5 19.Be5 Bd6 20.Qh4 Bxe5 21.fxe5 
Qxe5 22.Rxf6 Qxf6 23.Qxg4 d4 24.Nd5 Qf2 25.Qg3 Qxg3 26.hxg3 Re4 27.Rf1 
Rae8 28.Nf4 Re1 29.Kg1 R8e5 30.Rxe1 Rxe1+ 31.Kf2 Rb1 32.Nd3 Kf8 33.Ke2 Ke7
34.Bd5 b6 35.b3 f6 36.Be4 g6 37.Nb4 b5 38.axb5 axb5 39.Nc6+ Kd6 40.Nxd4 b4
41.Bf3 Kc5 42.Ne6+ Kd6 43.Nf4 Kc5 44.g4 Ra1 45.Nd3+ Kb5 46.Bd5 Rh1 47.Bc4+
Ka5 48.Nf4 Rg1 49.Bd3 Rh1 50.Nd5 h5 51.Nxf6 1-0

[Event "Gosa it"]
[Site "Smederevska Palanka YUG"]
[Date "1979.06.02"]
[Round "1"]
[White "Jansa, Vlastimil"]
[Black "Schussler, Harry"]
[Result "1/2-1/2"]
[WhiteElo "2495"]
[BlackElo "2460"]
[EventDate "1979.06.02"]
[PlyCount "45"]
[Source "Perpetual Check"]

1.e4 e5 2.Nf3 Nf6 3.Nxe5 d6 4.Nf3 Nxe4 5.Qe2 Qe7 6.d3 Nf6 7.Bg5 Qxe2+ 8.
Bxe2 Be7 9.Nc3 c6 10.O-O-O Na6 11.h3 Nc7 12.Ne4 Nxe4 13.dxe4 Bxg5+ 14.Nxg5
Ke7 15.Bg4 Ne6 16.Nxe6 Bxe6 17.Rd3 Rad8 18.f4 f6 19.Re1 h6 20.Kd2 Rd7 21.
Ke3 Rhd8 22.Red1 d5 23.Bxe6 1/2-1/2

[Event "Gosa it"]
[Site "Smederevska Palanka YUG"]
[Date "1979.06.02"]
[Round "1"]
[White "Martinovic, Slobodan"]
[Black "Ermenkov, Evgeny"]
[Result "1/2-1/2"]
[WhiteElo "2410"]
[BlackElo "2495"]
[EventDate "1979.06.02"]
[PlyCount "41"]
[Source "Perpetual Check"]

1.g3 g6 2.Bg2 Bg7 3.Nf3 c5 4.O-O Nc6 5.d3 Nf6 6.c4 a6 7.Nc3 Rb8 8.a4 O-O 
9.h3 d6 10.Be3 e5 11.Rb1 Bd7 12.Ne1 Nh5 13.Bd2 f5 14.Nc2 a5 15.e3 Nb4 16.
Nxb4 axb4 17.Nd5 Bc6 18.b3 Qd7 19.Kh2 Rbe8 20.f4 Nf6 21.Qc2 1/2-1/2

[Event "Gosa it"]
[Site "Smederevska Palanka YUG"]
[Date "1979.06.02"]
[Round "1"]
[White "Kuligowski, Adam"]
[Black "Ristic, Nenad"]
[Result "0-1"]
[WhiteElo "2495"]
[BlackElo "2240"]
[EventDate "1979.06.02"]
[PlyCount "68"]
[Source "Perpetual Check"]

1.c4 c5 2.Nf3 Nf6 3.Nc3 e6 4.e3 b6 5.d4 Be7 6.d5 d6 7.e4 exd5 8.cxd5 O-O 
9.Be2 Bg4 10.O-O a6 11.Nd2 Bxe2 12.Qxe2 Ne8 13.f4 Nc7 14.a4 Bf6 15.e5 Re8 
16.Nc4 dxe5 17.fxe5 Nd7 18.d6 Nxe5 19.dxc7 Qd4+ 20.Ne3 Nd3 21.Rd1 Nxc1 22.
Raxc1 Rxe3 23.Rxd4 Bxd4 24.Kf1 Rxe2 25.Nxe2 Be5 26.b4 Bxc7 27.bxc5 bxc5 
28.Rxc5 Bd6 29.Rd5 Bb4 30.Nd4 Rc8 31.Nf5 g6 32.Ne3 Rc1+ 33.Ke2 Ra1 34.Nc2 
Rxa4 0-1

[Event "Gosa it"]
[Site "Smederevska Palanka YUG"]
[Date "1979.06.03"]
[Round "2"]
[White "Ristic, Nenad"]
[Black "Rajkovic, Dusan"]
[Result "1/2-1/2"]
[WhiteElo "2240"]
[BlackElo "2460"]
[EventDate "1979.06.02"]
[PlyCount "20"]
[Source "Perpetual Check"]

1.Nf3 d5 2.d4 e6 3.c4 c5 4.cxd5 exd5 5.g3 Be6 6.Bg2 Nf6 7.O-O Be7 8.Be3 c4
9.Ne5 O-O 10.Nc3 Bf5 1/2-1/2

[Event "Gosa it"]
[Site "Smederevska Palanka YUG"]
[Date "1979.06.03"]
[Round "2"]
[White "Ermenkov, Evgeny"]
[Black "Kuligowski, Adam"]
[Result "1-0"]
[WhiteElo "2495"]
[BlackElo "2495"]
[EventDate "1979.06.02"]
[PlyCount "65"]
[Source "Perpetual Check"]

1.e4 c5 2.Ne2 Nf6 3.e5 Nd5 4.d4 Nc6 5.Nbc3 e6 6.Nxd5 exd5 7.g3 d6 8.exd6 
Bxd6 9.dxc5 Bxc5 10.Bg2 O-O 11.O-O Re8 12.Nf4 d4 13.Nd3 Bd6 14.Qf3 Qa5 15.
Bf4 Bxf4 16.Qxf4 Be6 17.Rfe1 Qb6 18.a3 Bc4 19.b4 a5 20.Qd6 axb4 21.Ne5 Be6
22.Nxc6 bxc6 23.axb4 Rab8 24.Rab1 Rec8 25.Be4 g6 26.h4 Bd5 27.h5 Rd8 28.
Qf4 Rd7 29.h6 Qd8 30.b5 Rxb5 31.Rxb5 cxb5 32.Bxd5 Rxd5 33.Qf6 1-0

[Event "Gosa it"]
[Site "Smederevska Palanka YUG"]
[Date "1979.06.03"]
[Round "2"]
[White "Schussler, Harry"]
[Black "Despotovic, Momcilo"]
[Result "1/2-1/2"]
[WhiteElo "2460"]
[BlackElo "2365"]
[EventDate "1979.06.02"]
[PlyCount "32"]
[Source "Perpetual Check"]

1.d4 e6 2.c4 d5 3.Nc3 c5 4.cxd5 exd5 5.Nf3 Nc6 6.Bf4 Nf6 7.e3 Be7 8.dxc5 
Bxc5 9.Be2 O-O 10.O-O Be6 11.Rc1 Rc8 12.Nb5 Ne4 13.Nd2 Nxd2 14.Qxd2 Bb4 
15.Qd3 Be7 16.Nd4 Nxd4 1/2-1/2

[Event "Gosa it"]
[Site "Smederevska Palanka YUG"]
[Date "1979.06.03"]
[Round "2"]
[White "Radulov, Ivan"]
[Black "Jansa, Vlastimil"]
[Result "1/2-1/2"]
[WhiteElo "2485"]
[BlackElo "2495"]
[EventDate "1979.06.02"]
[PlyCount "28"]
[Source "Perpetual Check"]

1.e4 c5 2.Nf3 d6 3.d4 cxd4 4.Qxd4 Nc6 5.Bb5 Bd7 6.Bxc6 Bxc6 7.Nc3 Nf6 8.
Bg5 e6 9.O-O-O Be7 10.Rhe1 O-O 11.Kb1 Qc7 12.Qd2 Rfd8 13.Nd4 Rab8 14.f3 b5
1/2-1/2

[Event "Gosa it"]
[Site "Smederevska Palanka YUG"]
[Date "1979.06.04"]
[Round "3"]
[White "Despotovic, Momcilo"]
[Black "Radulov, Ivan"]
[Result "0-1"]
[WhiteElo "2365"]
[BlackElo "2485"]
[EventDate "1979.06.02"]
[PlyCount "76"]
[Source "Perpetual Check"]

1.c4 Nf6 2.Nc3 e6 3.e4 d5 4.e5 d4 5.exf6 dxc3 6.bxc3 Qxf6 7.d4 c5 8.Nf3 
cxd4 9.cxd4 Bb4+ 10.Bd2 Bxd2+ 11.Qxd2 Nc6 12.Rd1 O-O 13.Bd3 e5 14.d5 e4 
15.Bxe4 Re8 16.O-O Rxe4 17.dxc6 Qxc6 18.Qd3 Re8 19.Rfe1 Bg4 20.Rxe8+ Rxe8 
21.Re1 Rxe1+ 22.Nxe1 Qd7 23.f3 Qe7 24.Nc2 Be6 25.Ne3 h6 26.Kf2 Qh4+ 27.Ke2
Qxh2 28.Qd8+ Kh7 29.Qd4 b6 30.Qe4+ g6 31.Qb7 Qe5 32.Qxa7 Bxc4+ 33.Kf2 Qd4 
34.Qe7 Bxa2 35.Kg3 Be6 36.Ng4 Kg7 37.Qc7 Bxg4 38.fxg4 b5 0-1

[Event "Gosa it"]
[Site "Smederevska Palanka YUG"]
[Date "1979.06.04"]
[Round "3"]
[White "Martinovic, Slobodan"]
[Black "Schussler, Harry"]
[Result "1-0"]
[WhiteElo "2410"]
[BlackElo "2460"]
[EventDate "1979.06.02"]
[PlyCount "75"]
[Source "Perpetual Check"]

1.Nf3 b6 2.g3 Bb7 3.Bg2 Nf6 4.O-O d5 5.d3 c5 6.Nbd2 e6 7.e4 Be7 8.Re1 Nc6 
9.c3 O-O 10.e5 Ne8 11.Nf1 Nc7 12.Bf4 b5 13.h4 a5 14.N1h2 b4 15.Ng5 h6 16.
Qh5 Qe8 17.Bf3 bxc3 18.bxc3 f5 19.exf6 Qxh5 20.Bxh5 Bxf6 21.Nxe6 Nxe6 22.
Rxe6 Bxc3 23.Rb1 Nd4 24.Rd6 Ba6 25.Rd1 c4 26.dxc4 Bxc4 27.a3 Nb5 28.Rd7 
Bb2 29.Nf1 Nxa3 30.Ne3 Bb3 31.Rd2 Bc1 32.Be5 Bxd2 33.Rxg7+ Kh8 34.Rb7+ Kg8
35.Rg7+ Kh8 36.Rb7+ Kg8 37.Rg7+ Kh8 38.Bg6 1-0

[Event "Gosa it"]
[Site "Smederevska Palanka YUG"]
[Date "1979.06.04"]
[Round "3"]
[White "Ciocaltea, Victor"]
[Black "Ristic, Nenad"]
[Result "0-1"]
[WhiteElo "2430"]
[BlackElo "2240"]
[EventDate "1979.06.02"]
[PlyCount "94"]
[Source "Perpetual Check"]

1.e4 c5 2.Nf3 d6 3.Bb5+ Nd7 4.c3 Nf6 5.Qe2 a6 6.Ba4 Qa5 7.Bc2 Ne5 8.Nxe5 
dxe5 9.O-O Qc7 10.d3 e6 11.a4 b6 12.Na3 Bb7 13.f4 exf4 14.Bxf4 e5 15.Bg3 
Bd6 16.Nc4 O-O 17.d4 Nd7 18.Rad1 cxd4 19.cxd4 Rac8 20.Bb3 b5 21.axb5 axb5 
22.Nxd6 Qxd6 23.Qf2 Qg6 24.dxe5 Nc5 25.Rd6 Qh5 26.Bd1 Qg5 27.Bf4 Qe7 28.
Qe3 Nxe4 29.Rb6 Nc5 30.Be2 Ne6 31.Bg3 Rc2 32.b3 Qc5 33.Qxc5 Nxc5 34.Bd1 
Rxg2+ 35.Kh1 Rf2+ 36.Kg1 Rg2+ 37.Kh1 Ba8 38.Bf3 Bxf3 39.Rxf3 Rb2 40.Rxb5 
Ne4 41.Rf1 Rc8 42.Bf4 h6 43.Kg1 Rcc2 44.Rb8+ Kh7 45.Rb7 g5 46.Bg3 Rg2+ 47.
Kh1 Nxg3+ 0-1

[Event "Gosa it"]
[Site "Smederevska Palanka YUG"]
[Date "1979.06.05"]
[Round "4"]
[White "Ermenkov, Evgeny"]
[Black "Ciocaltea, Victor"]
[Result "1/2-1/2"]
[WhiteElo "2495"]
[BlackElo "2430"]
[EventDate "1979.06.02"]
[PlyCount "24"]
[Source "Perpetual Check"]

1.d4 g6 2.c4 Bg7 3.Nc3 Nf6 4.e4 d6 5.f3 e5 6.Nge2 Nfd7 7.g3 O-O 8.Be3 exd4
9.Nxd4 Nc6 10.Be2 Nde5 11.O-O Nxd4 12.Bxd4 c5 1/2-1/2

[Event "Gosa it"]
[Site "Smederevska Palanka YUG"]
[Date "1979.06.05"]
[Round "4"]
[White "Velimirovic, Dragoljub"]
[Black "Rajkovic, Dusan"]
[Result "1/2-1/2"]
[WhiteElo "2515"]
[BlackElo "2460"]
[EventDate "1979.06.02"]
[PlyCount "92"]
[Source "Perpetual Check"]

1.e4 c5 2.Nf3 e6 3.d4 cxd4 4.Nxd4 Nc6 5.Nc3 a6 6.Bf4 d6 7.Nf3 b5 8.e5 dxe5
9.Qxd8+ Nxd8 10.Nxe5 f6 11.Nd3 Bb7 12.O-O-O Rc8 13.Be3 Nh6 14.f3 Nf5 15.
Bf2 e5 16.Ne4 Ne6 17.Kb1 Bxe4 18.fxe4 Nd6 19.Re1 Rc4 20.Be2 Nxe4 21.Nxe5 
fxe5 22.Bxc4 Nd2+ 23.Ka1 Nxc4 24.b3 Nd6 25.Rxe5 Kd7 26.Rd1 Be7 27.Kb1 Nd8 
28.c4 bxc4 29.bxc4 Nf7 30.Re3 Rb8+ 31.Rb3 Rxb3+ 32.axb3 Kc6 33.Bd4 g6 34.
Kc2 Nb7 35.Re1 Bd6 36.h3 a5 37.Bc3 Kd7 38.Ra1 Bc7 39.Rf1 Nbd6 40.c5 Nf5 
41.Kd3 Ng5 42.Ra1 Ne6 43.Bxa5 Nxc5+ 44.Kc4 Bd6 45.Re1 h5 46.Bd2 Ne6 
1/2-1/2

[Event "Gosa it"]
[Site "Smederevska Palanka YUG"]
[Date "1979.06.05"]
[Round "4"]
[White "Schussler, Harry"]
[Black "Kuligowski, Adam"]
[Result "1/2-1/2"]
[WhiteElo "2460"]
[BlackElo "2495"]
[EventDate "1979.06.02"]
[PlyCount "40"]
[Source "Perpetual Check"]

1.d4 Nf6 2.c4 c5 3.d5 g6 4.Nc3 Bg7 5.Nf3 d6 6.e4 O-O 7.Be2 e6 8.O-O Re8 9.
h3 exd5 10.exd5 Bf5 11.Bd3 Ne4 12.Nxe4 Bxe4 13.Bxe4 Rxe4 14.Qd3 Re8 15.Bg5
Qd7 16.Rae1 Na6 17.Qb3 b6 18.Bd2 Nc7 19.Bc3 Rxe1 20.Rxe1 Re8 1/2-1/2

[Event "Gosa it"]
[Site "Smederevska Palanka YUG"]
[Date "1979.06.05"]
[Round "4"]
[White "Ljubisavljevic, Zivojin"]
[Black "Jansa, Vlastimil"]
[Result "0-1"]
[WhiteElo "2415"]
[BlackElo "2495"]
[EventDate "1979.06.02"]
[PlyCount "67"]
[Source "Perpetual Check"]

1.e4 c5 2.f4 Nc6 3.Nf3 g6 4.Nc3 Bg7 5.Bc4 e6 6.e5 d5 7.exd6 Qxd6 8.Ne4 Qc7
9.d3 Nge7 10.O-O O-O 11.c3 b6 12.Qe1 Na5 13.Qh4 Nxc4 14.dxc4 f6 15.Bd2 Bb7
16.Rae1 Nf5 17.Qh3 Rfe8 18.g4 Nd6 19.Ng3 Nxc4 20.Bc1 Rad8 21.b3 Rd3 22.
bxc4 Bxf3 23.f5 Qd7 24.fxg6 hxg6 25.g5 f5 26.Nxf5 exf5 27.Rxe8+ Qxe8 28.
Rxf3 Rxf3 29.Qxf3 Qe1+ 30.Qf1 Qxc3 31.Bf4 Qc2 32.h4 Qxa2 33.h5 Bd4+ 34.Kh1
0-1

[Event "Gosa it"]
[Site "Smederevska Palanka YUG"]
[Date "1979.06.07"]
[Round "5"]
[White "Despotovic, Momcilo"]
[Black "Ljubisavljevic, Zivojin"]
[Result "1-0"]
[WhiteElo "2365"]
[BlackElo "2415"]
[EventDate "1979.06.02"]
[PlyCount "53"]
[Source "Perpetual Check"]

1.d4 d5 2.c4 e6 3.Nc3 c6 4.Nf3 dxc4 5.a4 Nf6 6.e3 Bb4 7.Bxc4 Ne4 8.Qc2 Qa5
9.Qxe4 Bxc3+ 10.bxc3 Qxc3+ 11.Nd2 Qxa1 12.Qc2 b5 13.Bxb5 cxb5 14.Nb3 Qxa4 
15.Qxc8+ Ke7 16.Qxh8 Qxb3 17.O-O a5 18.e4 h6 19.Qc8 Ra7 20.Qc5+ Kf6 21.
Qxa7 Nc6 22.Qc5 Ne7 23.e5+ Kg6 24.Qxe7 b4 25.h4 Qc3 26.h5+ Kh7 27.Qxf7 1-0

[Event "Gosa it"]
[Site "Smederevska Palanka YUG"]
[Date "1979.06.07"]
[Round "5"]
[White "Kuligowski, Adam"]
[Black "Radulov, Ivan"]
[Result "1-0"]
[WhiteElo "2495"]
[BlackElo "2485"]
[EventDate "1979.06.02"]
[PlyCount "71"]
[Source "Perpetual Check"]

1.c4 Nf6 2.Nc3 e6 3.Nf3 d5 4.d4 Be7 5.Bg5 O-O 6.e3 Nbd7 7.Rc1 b6 8.cxd5 
exd5 9.Bd3 Bb7 10.O-O c5 11.Bf5 c4 12.Ne5 g6 13.Bb1 Re8 14.f4 Rc8 15.Qf3 
Qc7 16.Qh3 a6 17.f5 Nxe5 18.dxe5 Nh5 19.Bxe7 Qxe7 20.e6 Rf8 21.exf7+ Kg7 
22.fxg6 hxg6 23.Ne2 Rxf7 24.Rxf7+ Qxf7 25.Rf1 Qe7 26.Nd4 Re8 27.Qg4 Qxe3+ 
28.Kh1 Ng3+ 29.Qxg3 Qxg3 30.hxg3 Re3 31.g4 Bc8 32.g5 Re5 33.Bc2 Rxg5 34.
Bd1 Bg4 35.Kg1 Bxd1 36.Ne6+ 1-0

[Event "Gosa it"]
[Site "Smederevska Palanka YUG"]
[Date "1979.06.07"]
[Round "5"]
[White "Rajkovic, Dusan"]
[Black "Schussler, Harry"]
[Result "1-0"]
[WhiteElo "2460"]
[BlackElo "2460"]
[EventDate "1979.06.02"]
[PlyCount "73"]
[Source "Perpetual Check"]

1.c4 b6 2.Nf3 Bb7 3.g3 Bxf3 4.exf3 c5 5.d4 cxd4 6.Qxd4 Nc6 7.Qd2 g6 8.b3 
Bg7 9.Nc3 Nd4 10.Bg2 b5 11.Bb2 bxc4 12.Nd5 Ne6 13.Bxg7 Nxg7 14.Qd4 f6 15.
O-O cxb3 16.f4 Ne6 17.Qe3 Nh6 18.axb3 Nf5 19.Qd2 Kf7 20.Ra4 Nd6 21.Rfa1 
Nb5 22.f5 gxf5 23.Ne3 f4 24.gxf4 Rb8 25.f5 Ng7 26.Ra5 Qc7 27.Qd3 Qc5 28.
Bd5+ Kf8 29.Bc4 a6 30.Rxa6 Nd6 31.R6a5 Qc6 32.Bd5 Qb6 33.Nc4 Nxc4 34.Bxc4 
Qc7 35.Ra7 Qe5 36.Qxd7 Nxf5 37.R7a5 1-0

[Event "Gosa it"]
[Site "Smederevska Palanka YUG"]
[Date "1979.06.07"]
[Round "5"]
[White "Ristic, Nenad"]
[Black "Ermenkov, Evgeny"]
[Result "1/2-1/2"]
[WhiteElo "2240"]
[BlackElo "2495"]
[EventDate "1979.06.02"]
[PlyCount "36"]
[Source "Perpetual Check"]

1.c4 g6 2.Nc3 c5 3.g3 Bg7 4.Bg2 Nc6 5.a3 e6 6.Rb1 a5 7.e4 Nge7 8.Nge2 d6 
9.d3 O-O 10.Be3 Nd4 11.O-O Nec6 12.f4 f5 13.Nb5 Ra6 14.Bxd4 Nxd4 15.Nexd4 
cxd4 16.b4 b6 17.c5 axb4 18.axb4 bxc5 1/2-1/2

[Event "Gosa it"]
[Site "Smederevska Palanka YUG"]
[Date "1979.06.08"]
[Round "6"]
[White "Radulov, Ivan"]
[Black "Rajkovic, Dusan"]
[Result "1/2-1/2"]
[WhiteElo "2485"]
[BlackElo "2460"]
[EventDate "1979.06.02"]
[PlyCount "28"]
[Source "Perpetual Check"]

1.e4 c5 2.Nf3 e6 3.d4 cxd4 4.Nxd4 Nc6 5.Nc3 Nf6 6.Nxc6 bxc6 7.Bd3 d5 8.O-O
Be7 9.b3 O-O 10.Bb2 Nd7 11.Na4 Bf6 12.Bxf6 Nxf6 13.exd5 cxd5 14.c4 Bd7 
1/2-1/2

[Event "Gosa it"]
[Site "Smederevska Palanka YUG"]
[Date "1979.06.08"]
[Round "6"]
[White "Ljubisavljevic, Zivojin"]
[Black "Martinovic, Slobodan"]
[Result "0-1"]
[WhiteElo "2415"]
[BlackElo "2410"]
[EventDate "1979.06.02"]
[PlyCount "118"]
[Source "Perpetual Check"]

1.d4 Nf6 2.Nf3 g6 3.Bf4 Bg7 4.Nbd2 d6 5.e4 c6 6.Bd3 O-O 7.h3 Nbd7 8.O-O 
Nh5 9.Bh2 e5 10.Nc4 Qe7 11.Qd2 Rd8 12.g4 Nhf6 13.dxe5 Nxe5 14.Ncxe5 dxe5 
15.Qg5 h6 16.Qxe5 Be6 17.Qf4 Nd7 18.Rad1 Bxa2 19.b3 Nc5 20.Qe3 a5 21.e5 a4
22.Nd4 axb3 23.cxb3 Nxb3 24.Ne2 Nc5 25.Bc2 Bc4 26.f4 Ne6 27.f5 Qc5 28.Qxc5
Nxc5 29.Kf2 Bd3 30.Bb1 Ne4+ 31.Ke3 Bxb1 32.Rxd8+ Rxd8 33.Rxb1 Nc5 34.Nd4 
Ra8 35.Rd1 Ra3+ 36.Ke2 Ne4 37.Nc2 Nc3+ 38.Kd3 Nxd1+ 39.Nxa3 Nf2+ 40.Ke3 
Nxh3 41.Nc4 b5 42.Nd2 h5 43.Nb3 hxg4 44.fxg6 fxg6 45.Na5 Bh6+ 46.Kd4 Bf4 
47.Bxf4 Nxf4 48.Nxc6 g3 49.Ke3 g2 50.Kf2 Nd3+ 51.Kxg2 b4 52.e6 b3 53.Ne7+ 
Kg7 54.Nd5 Nf4+ 55.Nxf4 b2 56.e7 Kf7 57.Nxg6 b1=Q 58.Nf4 Kxe7 59.Kf3 Kf6 
0-1

[Event "Gosa it"]
[Site "Smederevska Palanka YUG"]
[Date "1979.06.09"]
[Round "7"]
[White "Martinovic, Slobodan"]
[Black "Jansa, Vlastimil"]
[Result "1-0"]
[WhiteElo "2410"]
[BlackElo "2495"]
[EventDate "1979.06.02"]
[PlyCount "77"]
[Source "Perpetual Check"]

1.e4 c5 2.Nf3 d6 3.d4 cxd4 4.Nxd4 Nf6 5.Nc3 e6 6.g4 h6 7.g5 hxg5 8.Bxg5 
Nc6 9.Qd2 Qb6 10.Nb3 a6 11.O-O-O Qc7 12.f4 b5 13.a3 Bb7 14.Bg2 O-O-O 15.
Kb1 Kb8 16.h4 Be7 17.Bf3 g6 18.Qg2 Nh5 19.Bxe7 Nxe7 20.Qh2 Nf6 21.Nd4 e5 
22.Nb3 d5 23.fxe5 Nxe4 24.Bxe4 dxe4 25.Nd4 Nd5 26.Nde2 Nxc3+ 27.Nxc3 Rxd1+
28.Rxd1 Ka8 29.Qf4 Qe7 30.Nd5 Bxd5 31.Rxd5 Rxh4 32.Qd2 Rh1+ 33.Ka2 Rh8 34.
Qd4 Qe6 35.b3 Rc8 36.Kb2 Qc6 37.Qxe4 g5 38.Qd3 g4 39.Rd6 1-0

[Event "Gosa it"]
[Site "Smederevska Palanka YUG"]
[Date "1979.06.09"]
[Round "7"]
[White "Kuligowski, Adam"]
[Black "Ljubisavljevic, Zivojin"]
[Result "1-0"]
[WhiteElo "2495"]
[BlackElo "2415"]
[EventDate "1979.06.02"]
[PlyCount "103"]
[Source "Perpetual Check"]

1.d4 d5 2.c4 e6 3.Nf3 c6 4.Qc2 f5 5.g3 Nf6 6.Bg2 Bd6 7.Bf4 Bxf4 8.gxf4 O-O
9.O-O Nh5 10.Qc1 Nd7 11.b3 Qf6 12.Na3 Qh6 13.e3 Ndf6 14.Nc2 Bd7 15.Nce1 
Rae8 16.Nd3 Bc8 17.Rb1 Ne4 18.Rb2 Qf6 19.Rc2 h6 20.Qd1 Re7 21.Nfe5 g6 22.
c5 Qg7 23.Kh1 Bd7 24.Nxd7 Rxd7 25.Ne5 Re7 26.Rg1 Nef6 27.Bf3 Kh7 28.Rxg6 
Qxg6 29.Nxg6 Kxg6 30.b4 a6 31.a4 Ng7 32.Qb1 Kh7 33.Bg2 Ng4 34.Qb3 Rg8 35.
f3 Nf6 36.Ra2 Nge8 37.b5 axb5 38.axb5 Nc7 39.bxc6 bxc6 40.Qb7 Reg7 41.Qxc6
Rb8 42.Ra1 Rb2 43.Bh3 Nfe8 44.e4 fxe4 45.fxe4 Nf6 46.Bxe6 Nxe4 47.Bf5+ Kh8
48.Qxh6+ Kg8 49.Be6+ Nxe6 50.Qxe6+ Kh7 51.Qf5+ Kh8 52.Ra8+ 1-0

[Event "Gosa it"]
[Site "Smederevska Palanka YUG"]
[Date "1979.06.09"]
[Round "7"]
[White "Ciocaltea, Victor"]
[Black "Radulov, Ivan"]
[Result "1/2-1/2"]
[WhiteElo "2430"]
[BlackElo "2485"]
[EventDate "1979.06.02"]
[PlyCount "28"]
[Source "Perpetual Check"]

1.e4 c6 2.d3 d5 3.Nd2 g6 4.Ngf3 Bg7 5.g3 e5 6.Bg2 Ne7 7.O-O O-O 8.Re1 d4 
9.Nh4 c5 10.f4 Nbc6 11.Ndf3 f6 12.c4 Be6 13.a3 Qd7 14.Bd2 a6 1/2-1/2

[Event "Gosa it"]
[Site "Smederevska Palanka YUG"]
[Date "1979.06.09"]
[Round "7"]
[White "Ristic, Nenad"]
[Black "Schussler, Harry"]
[Result "1/2-1/2"]
[WhiteElo "2240"]
[BlackElo "2460"]
[EventDate "1979.06.02"]
[PlyCount "28"]
[Source "Perpetual Check"]

1.c4 b6 2.d4 e6 3.Nf3 Bb7 4.g3 Bxf3 5.exf3 d5 6.Nc3 c6 7.cxd5 exd5 8.Bh3 
Nf6 9.Bf4 Be7 10.Qa4 Bd6 11.Bxd6 Qxd6 12.O-O O-O 13.b4 Nbd7 14.Rab1 Rfd8 
1/2-1/2

[Event "Gosa it"]
[Site "Smederevska Palanka YUG"]
[Date "1979.06.10"]
[Round "8"]
[White "Schussler, Harry"]
[Black "Ermenkov, Evgeny"]
[Result "0-1"]
[WhiteElo "2460"]
[BlackElo "2495"]
[EventDate "1979.06.02"]
[PlyCount "54"]
[Source "Perpetual Check"]

1.d4 Nf6 2.c4 c5 3.d5 e6 4.Nc3 exd5 5.cxd5 d6 6.e4 g6 7.Bf4 a6 8.a4 Bg7 9.
Nf3 Bg4 10.Qb3 Bxf3 11.Qxb7 Nxe4 12.Nxe4 Bxe4 13.Qxa8 Bxb2 14.Ra2 Bc3+ 15.
Bd2 Bxd2+ 16.Rxd2 O-O 17.f3 Bf5 18.Qb7 Qa5 19.Qb2 Nd7 20.Be2 c4 21.Qd4 c3 
22.Ra2 Bb1 23.Ra1 c2+ 24.Kf2 Rb8 25.Kg3 Nc5 26.Bc4 Qb4 27.Qf4 Qc3 0-1

[Event "Gosa it"]
[Site "Smederevska Palanka YUG"]
[Date "1979.06.10"]
[Round "8"]
[White "Radulov, Ivan"]
[Black "Ristic, Nenad"]
[Result "1-0"]
[WhiteElo "2485"]
[BlackElo "2240"]
[EventDate "1979.06.02"]
[PlyCount "85"]
[Source "Perpetual Check"]

1.e4 c5 2.Nf3 d6 3.Bb5+ Bd7 4.Bxd7+ Nxd7 5.O-O Ngf6 6.Qe2 e6 7.c3 Be7 8.d4
O-O 9.e5 Ne8 10.Bf4 d5 11.Nbd2 Qb6 12.Rab1 Nc7 13.Rfc1 Qa6 14.Qe3 Rfc8 15.
a3 b5 16.Qe2 Nb6 17.dxc5 Bxc5 18.Nb3 Bf8 19.Nbd4 Nd7 20.h4 Qb7 21.b4 a5 
22.Qd3 Ra6 23.Ng5 g6 24.h5 Bg7 25.hxg6 hxg6 26.Qh3 axb4 27.axb4 Nf8 28.g4 
Ra3 29.Kg2 Na6 30.Qd3 Rc4 31.Qd2 Nb8 32.Ngf3 Qa6 33.Bh6 Bh8 34.Bxf8 Kxf8 
35.Qf4 Kg8 36.Ng5 Rc7 37.Rh1 Bg7 38.Rh7 Ra1 39.Rxg7+ Kxg7 40.Qf6+ Kh6 41.
Ndf3 Rc8 42.Nxf7+ Kh7 43.N3g5+ 1-0

[Event "Gosa it"]
[Site "Smederevska Palanka YUG"]
[Date "1979.06.10"]
[Round "8"]
[White "Ljubisavljevic, Zivojin"]
[Black "Rajkovic, Dusan"]
[Result "0-1"]
[WhiteElo "2415"]
[BlackElo "2460"]
[EventDate "1979.06.02"]
[PlyCount "66"]
[Source "Perpetual Check"]

1.c4 e5 2.Nc3 Nf6 3.g3 c6 4.Bg2 d5 5.cxd5 cxd5 6.d3 d4 7.Nb1 Be7 8.Nf3 Nc6
9.O-O O-O 10.a3 Be6 11.b4 Qb6 12.Nbd2 a5 13.bxa5 Rxa5 14.Ng5 Bd5 15.Bxd5 
Rxd5 16.Nc4 Qa6 17.Rb1 h6 18.Nh3 b5 19.e4 bxc4 20.exd5 Nxd5 21.Qh5 Nc3 22.
Bxh6 gxh6 23.f4 Nxb1 24.fxe5 Qxa3 25.e6 Qxd3 26.exf7+ Kg7 27.Nf4 Qe4 28.
Qg4+ Kh7 29.Kf2 Ne5 30.Qe6 Rxf7 31.Kg1 Nf3+ 32.Kg2 Nh4+ 33.Kg1 Rxf4 0-1

[Event "Gosa it"]
[Site "Smederevska Palanka YUG"]
[Date "1979.06.10"]
[Round "8"]
[White "Jansa, Vlastimil"]
[Black "Kuligowski, Adam"]
[Result "1/2-1/2"]
[WhiteElo "2495"]
[BlackElo "2495"]
[EventDate "1979.06.02"]
[PlyCount "100"]
[Source "Perpetual Check"]

1.g3 e5 2.Bg2 d5 3.d3 g6 4.Nf3 Bg7 5.O-O Ne7 6.c4 dxc4 7.dxc4 O-O 8.Nc3 
Na6 9.Qc2 Nb4 10.Qb3 a5 11.Rd1 Bd7 12.Be3 Qe8 13.Bc5 b6 14.Bxb4 axb4 15.
Qxb4 Nc6 16.Qb3 e4 17.Nxe4 Bf5 18.Nc3 Na5 19.Qb5 Qxb5 20.cxb5 Nc4 21.Nd4 
Nxb2 22.Bxa8 Nxd1 23.Rxd1 Rxa8 24.Nxf5 Bxc3 25.Ne7+ Kf8 26.Rc1 Kxe7 27.
Rxc3 Kd6 28.Rc6+ Kd7 29.Rc2 Ra5 30.Rb2 Kd6 31.Kg2 Kc5 32.Rc2+ Kd6 33.Rd2+ 
Ke6 34.Rb2 Kd5 35.Kf3 h6 36.h3 Kc5 37.Rc2+ Kd6 38.Rd2+ Ke6 39.Rb2 Kd5 40.
e4+ Kd6 41.Rd2+ Ke7 42.Rb2 Ra3+ 43.Kf4 Rc3 44.f3 h5 45.g4 hxg4 46.hxg4 Rc1
47.a4 Kf6 48.Rd2 Ke6 49.Rd4 f6 50.g5 f5 1/2-1/2

[Event "Gosa it"]
[Site "Smederevska Palanka YUG"]
[Date "1979.06.10"]
[Round "8"]
[White "Despotovic, Momcilo"]
[Black "Martinovic, Slobodan"]
[Result "1/2-1/2"]
[WhiteElo "2365"]
[BlackElo "2410"]
[EventDate "1979.06.02"]
[PlyCount "37"]
[Source "Perpetual Check"]

1.d4 Nf6 2.c4 e6 3.Nc3 Bb4 4.Bg5 h6 5.Bh4 c5 6.Rc1 cxd4 7.Qxd4 Nc6 8.Bxf6 
Qxf6 9.Qxf6 gxf6 10.a3 Ba5 11.Nf3 d6 12.g3 Ke7 13.Bg2 Bd7 14.O-O Rac8 15.
Rfd1 a6 16.Rd3 Rhd8 17.Re3 Bxc3 18.Rexc3 b6 19.e3 1/2-1/2

[Event "Gosa it"]
[Site "Smederevska Palanka YUG"]
[Date "1979.06.12"]
[Round "9"]
[White "Kuligowski, Adam"]
[Black "Despotovic, Momcilo"]
[Result "1/2-1/2"]
[WhiteElo "2495"]
[BlackElo "2365"]
[EventDate "1979.06.02"]
[PlyCount "130"]
[Source "Perpetual Check"]

1.c4 e6 2.Nc3 c5 3.Nf3 d5 4.cxd5 exd5 5.d4 Nc6 6.g3 Bg4 7.Bg2 Nf6 8.Bg5 
Be7 9.dxc5 d4 10.Bxf6 Bxf6 11.Ne4 O-O 12.O-O Be7 13.Ne1 Qd7 14.Nd3 Rfe8 
15.Nf4 Bf5 16.Rc1 Bxe4 17.Bxe4 Bg5 18.Bg2 Bxf4 19.gxf4 Rad8 20.Qd3 Qe6 21.
a3 Qxe2 22.Qxe2 Rxe2 23.b4 a6 24.Rfd1 d3 25.Rc3 d2 26.Re3 Rxe3 27.fxe3 Rd3
28.Bf1 Rxa3 29.Rxd2 Rxe3 30.Bg2 Kf8 31.Kf2 Rb3 32.Bxc6 bxc6 33.Rd6 Rxb4 
34.Kg3 Rc4 35.Rxc6 a5 36.Rc7 a4 37.Ra7 g6 38.c6 Rxc6 39.Rxa4 Rc3+ 40.Kg2 
Kg7 41.Ra6 Re3 42.Kf2 Rh3 43.Kg2 Rh5 44.Kg3 Rd5 45.Rb6 Rd3+ 46.Kg2 f5 47.
Rb7+ Kh6 48.h3 Rd8 49.Kg3 Rg8 50.Kh2 Rg7 51.Rb6 Re7 52.Rb3 Re4 53.Kg3 Kh5 
54.Ra3 h6 55.Rb3 Re2 56.Rf3 Ra2 57.Rb3 g5 58.Rb5 Ra3+ 59.Kg2 Ra4 60.Rxf5 
Rxf4 61.Ra5 Kh4 62.Ra6 h5 63.Ra2 Rb4 64.Rc2 g4 65.hxg4 hxg4 1/2-1/2